| 000 | 00740nam a22002417a 4500 | ||
|---|---|---|---|
| 003 | UA-OsUOA | ||
| 001 | 22495 | ||
| 007 | ta | ||
| 008 | 20031221b un ||||| |||| 00| 0 ukr d | ||
| 100 | _aГерасимов С. А. | ||
| 090 |
_a18 _bГ37 |
||
| 942 | _cBK | ||
| 040 |
_aUA-OsUOA _brus _cUA-OsUOA _dUA-OsUOA |
||
| 245 |
_aЛюбить человека: книга для учителя _bкультура и нравственно-эстетическое воспитание молодежи |
||
| 300 |
_a384 с. _bІлюстрації |
||
| 955 | _a2 | ||
| 041 | _arus | ||
| 080 | _a18 | ||
| 260 |
_aМ. _bПросвещение _c1985 |
||
| 044 | _aRU | ||
| 650 | 7 |
_a1 Філософські науки _2UDC |
|
| 999 |
_c308715 _d308715 |
||